000 00512cam a22001931 4500
001 af 48002261
003 DLC
005 20260227110854.0
008 750722s1944 xx 000 0 ger
010 _aaf 48002261
035 _a(OCoLC)1466082
040 _aDLC
_cFMU
_dDLC
042 _apremarc
050 0 0 _aPT2621.R564
_bF5
100 1 _aKreutzer, Rudolf,
_d1897-
245 1 0 _aFlöte des Pan und Horn des Krieges,
_bGedichte.
260 _aPlanegg vor München,
_bMüller,
_c1944.
300 _a80 p.
_c21 cm.
999 _c4951
_d4951